নারীপ্রগতির একশো বছর : (Record no. 2392)

MARC details
000 -LEADER
fixed length control field 01253nam a2200277 a 4500
003 - CONTROL NUMBER IDENTIFIER
control field BD-DhJNU
005 - DATE AND TIME OF LATEST TRANSACTION
control field 20251120045802.0
008 - FIXED-LENGTH DATA ELEMENTS--GENERAL INFORMATION
fixed length control field 251108s2018 bg |||g |||| 000 1|ben|d
020 ## - INTERNATIONAL STANDARD BOOK NUMBER
International Standard Book Number 9789848796474
040 ## - CATALOGING SOURCE
Original cataloging agency BD-DhJNU
Language of cataloging ben
Transcribing agency BD-DhJNU
Modifying agency BD-DhJNU
041 ## - LANGUAGE CODE
Language code of text/sound track or separate title ben
082 ## - DEWEY DECIMAL CLASSIFICATION NUMBER
Classification number 305.420954 MUC
Edition number 23
100 ## - MAIN ENTRY--PERSONAL NAME
Personal name মুরশিদ, গোলাম
242 10 - TRANSLATION OF TITLE BY CATALOGING AGENCY
Title A century of women's progress :
Remainder of title from Rasasundari to Rokeya /
Statement of responsibility, etc. Ghulam Murshid
245 10 - TITLE STATEMENT
Title নারীপ্রগতির একশো বছর :
Remainder of title রাসসুন্দরী থেকে রোকেয়া /
Statement of responsibility, etc. গোলাম মুরশিদ
246 ## - VARYING FORM OF TITLE
Title proper/short title Naripragatir eksho bochor: rassundori theke rokeya
250 ## - EDITION STATEMENT
Edition statement 2nd ed.
260 ## - PUBLICATION, DISTRIBUTION, ETC.
Place of publication, distribution, etc. ঢাকা :
Name of publisher, distributor, etc. অবসর প্রকাশনা সংস্থা,
Date of publication, distribution, etc. 2018.
300 ## - PHYSICAL DESCRIPTION
Extent ২১৬ পৃ. :
Other physical details চিত্র ;
Dimensions ২১ সেমি.।
504 ## - BIBLIOGRAPHY, ETC. NOTE
Bibliography, etc. note গ্রন্থপঞ্জিগত নির্দেশিকা ও নিঘন্ট অন্তভূক্ত
650 ## - SUBJECT ADDED ENTRY--TOPICAL TERM
Topical term or geographic name entry element নারীপ্রগতি
650 ## - SUBJECT ADDED ENTRY--TOPICAL TERM
Topical term or geographic name entry element Women’s progress
650 ## - SUBJECT ADDED ENTRY--TOPICAL TERM
Topical term or geographic name entry element Bengali women’s history
650 ## - SUBJECT ADDED ENTRY--TOPICAL TERM
Topical term or geographic name entry element বাংলার নারীর ইতিহাস
942 ## - ADDED ENTRY ELEMENTS (KOHA)
Koha item type Books
Source of classification or shelving scheme Dewey Decimal Classification
Holdings
Withdrawn status Lost status Source of classification or shelving scheme Damaged status Not for loan Collection Home library Current library Shelving location Date acquired Source of acquisition Total checkouts Full call number Barcode Date last seen Copy number Price effective from Koha item type
    Dewey Decimal Classification     Non-fiction Jagannath University Central Library Jagannath University Central Library General stacks 11/20/2025 Purchased   305.420954 MUC JNUCL36421 11/20/2025 1 11/20/2025 Books
    Dewey Decimal Classification     Non-fiction Jagannath University Central Library Jagannath University Central Library General stacks 11/20/2025 Purchased   305.420954 MUC JNUCL36422 11/20/2025 2 11/20/2025 Books
    Dewey Decimal Classification     Non-fiction Jagannath University Central Library Jagannath University Central Library General stacks 11/20/2025 Purchased   305.420954 MUC JNUCL36423 11/20/2025 3 11/20/2025 Books